000 00435nam a2200169Ia 4500
008 221030s9999 xx 000 0 und d
020 _a8120304020
041 _aEnglish
082 _a105.23
_bGro
100 _aM. P. Groover
245 0 _aCAD/CAM Computer - Aided Design & Manufacturing ( DEPARTMENTAL )
260 _bPHI
_aNew Delhi
_c2000
300 _a489
650 _aCSE Departmental
700 _aE. W. Zimmers
942 _cBK
999 _c6776
_d6776